Paine Field Destinations (Everett, WA, USA) - Map - Statistics

General Stats
  • This quiz has been taken 19 times
  • The average score is 8 of 9
Answers on the Map
Answers color-coded by a green-red scale on the quiz's map according to % correct below.
 
Answer Stats
Destination % Correct
Las Vegas
100%
Los Angeles
100%
Phoenix (Sky Harbor)
100%
Portland (OR)
100%
San Diego
100%
San Francisco
100%
Honolulu
88%
Palm Springs
75%
Orange County
50%
No matching quizzes found
Score Distribution
Percent of People with Each Score
Percentile by Number Answered
Your Score History
You have not taken this quiz